00169nam a2200061Ia 4500008004100000100001700041245004900058120527s9999 xx 000 0 und d aRahn,E. Joan aStudy guide for biology: the science of life